Born in Stavanger - Statistics

General Stats
  • This quiz has been taken 4 times
  • The average score is 6 of 8
Answer Stats
Hint Answer % Correct
Former alpine ski racer and Olympic gold medalist in Super-G 2014 1985 Kjetil Jansrud
100%
Writer, "Gift" 1849 Alexander Kielland
75%
Singer, "Into the Unknown" "Runaway" "Cure For Me" 1996 Aurora
75%
One of the foremost exponents of the theory of internationalism and Nobel Peace Prize laureate 1921 1869 Christian Lous Lange
75%
Actor best known for his role as Thor Heyerdahl in "Kon-Tiki" 1980 Pål Sverre Hagen
75%
Footballer who plays for Manchester United and the Norwegian women's national team 2001 Elisabeth Terland
50%
Mountain biker and Olympic gold medalist at the 2004 Olympic games 1973 Gunn-Rita Dahle Flesjå
50%
Footballer who plays for Brighton and the Norwegian women's national team 1993 Maria Thorisdottir
50%
No matching quizzes found
Score Distribution
Percent of People with Each Score
Percentile by Number Answered
Your Score History
You have not taken this quiz